000 00304nam a22001337a 4500
020 _a817826176-6
082 _a823
_bHOP/P
100 _aANTHONY HOPE
245 _aTHE PRISONER OF ZENDA
260 _aDELHI
_bROHAN BOOK COMPANY
_c2003
300 _a188
650 _aMODERN ILLUSTRATED CLASSICS
942 _cBK
999 _c425
_d425